00484nam a22001457a 4500003000500000038001800005082000800023100001900031245010300050264003400153300002500187650003600212700003200248856005800280NUST aNusrat Nadeem a200 aAbbas, Khurram aResilience of Weak Democracies against Political Agitation for Government Change/cKhurram Abbas,  aIslamabad;bCIPS NUST;c2021. a221,p;bill;c30,cm. aPhD-Peace and Conflict Studies  aSupervisor:Dr Tughral Yamin u http://10.250.8.41:8080/xmlui/handle/123456789/27736